000 00766nam a22002411 4500
001 12576
003 BD-RjUL
005 20211208235322.0
008 140129r19601946nyu b 001 0 eng b
035 _a(BD-RjUL)12625
040 _aU.S. National Library of Medicine
_cDLC
_dDLC
_dBD-RjUL
_beng
041 _aeng
082 0 0 _223
_a616.852
_bFEP 1960
100 1 _aFenichel, Otto.
_939181
245 1 4 _aThe psychoanalytic theory of neurosis /
_cby Otto Fenichel, M.D.
260 _aNew York :
_bW. W. Norton & company inc.,
_c1946 [Reprinted 1960].
300 _ax, 703 p. ;
_c25 cm.
500 _a"First edition."
504 _aIncludes bibliography (p. [590]-664) and index.
650 0 _aPsychoanalysis.
_93688
650 0 _aNeuroses.
_93742
942 _2ddc
_cBK
999 _c12576
_d12576